Country Flag-Shapes that start with “N” - Statistics

General Stats
  • This quiz has been taken 61 times
  • The average score is 9 of 9
Answer Stats
Picture Answer % Correct
Namibia
100%
Netherlands
100%
New Zealand
100%
Niger
96%
Nigeria
96%
North Korea
96%
Norway
96%
Nauru
94%
Nicaragua
88%
No matching quizzes found
Score Distribution
Percent of People with Each Score
Percentile by Number Answered
Your Score History
You have not taken this quiz